| Tag |
First Indicator |
Second Indicator |
Subfields |
| LEADER |
00000cam a2200000 i 4500 |
| 001 |
in00000080418 |
| 005 |
20151008052918.0 |
| 008 |
791031r19791940nyu 00010 eng d |
| 020 |
|
|
|a 0824036700
|
| 035 |
|
|
|a (OCoLC)05627848
|
| 035 |
|
|
|9 AAH5415AM
|
| 040 |
|
|
|a DAY
|c DAY
|d TXA
|d UtOrBLW
|
| 049 |
|
|
|a TXAM
|c [1614788]
|
| 090 |
|
|
|a PE1011
|b .S6 no.54 1979
|
| 100 |
1 |
|
|a Jespersen, Otto,
|d 1860-1943.
|
| 245 |
1 |
4 |
|a The split infinitive and a system of clauses /
|c Otto Jesperson.
|
| 264 |
|
1 |
|a New York :
|b Garland,
|c 1979.
|
| 300 |
|
|
|a [151]-171 pages ;
|c 23 cm.
|
| 336 |
|
|
|a text
|b txt
|2 rdacontent
|
| 337 |
|
|
|a unmediated
|b n
|2 rdamedia
|
| 338 |
|
|
|a volume
|b nc
|2 rdacarrier
|
| 490 |
1 |
|
|a S. P. E. tract ; v. 6, no. 54
|
| 490 |
1 |
|
|a Publications of the Society for Pure English
|
| 500 |
|
|
|a Reprint of the 1940 edition published by the Clarendon Press, London.
|
| 500 |
|
|
|a Issued with S. P. E. Tracts nos. 51-53, 55-60.
|
| 650 |
|
0 |
|a English language
|x Word order.
|
| 650 |
|
0 |
|a English language
|x Clauses.
|
| 830 |
|
0 |
|a S.P.E. tract ;
|v no. 54.
|
| 830 |
|
0 |
|a Publications (Society for Pure English)
|
| 999 |
|
|
|a MARS
|
| 999 |
f |
f |
|s 3e663a86-2c83-3cfe-8a1e-43e2a2280fcc
|i 6f59ef50-d152-3a4d-a014-e55fbe359cd1
|t 0
|
| 952 |
f |
f |
|p normal
|a Texas A&M University
|b College Station
|c Sterling C. Evans Library
|d Evans: Library Stacks
|t 0
|e PE1011 .S6 no.51-no.60 1979
|h Library of Congress classification
|i unmediated -- volume
|m A14803578669
|
| 952 |
f |
f |
|a Texas A&M University
|b College Station
|c Sterling C. Evans Library
|d Evans: Library Stacks
|t 0
|e PE1011 .S6 no.51-no.60 1979
|h Library of Congress classification
|
| 998 |
f |
f |
|a PE1011 .S6 no.51-no.60 1979
|t 0
|l Evans: Library Stacks
|